00591 2200217 4500001002100000005001700021008004100038020002200079035002500101040001200126082001000138084002000148100002000168245005000188250001100238260003500249300003500284500003100319650001100350850001200361INLIS00000000000851020150731112732.0  a978-602-7900-64-6 a0010-071500000001193 aYOPDYOG a650.1 aDEP 650.1 Ira T aIRA PUSPITORINI aTrue spirit Gita Wirjawanc/ Ira Puspitorini. aCet.1. aYogyakartabIndoliterasic2013 aiv. 133 hlm.b: ilus.c; 20 cm aBibliografi : hlm. 128-133 aSukses aYOPDYOG